|
|
|
|
| LEADER |
00000nab a2200000uu 4500 |
| 001 |
vtls010904889 |
| 003 |
SK-MaSNL |
| 005 |
20260303120625.0 |
| 008 |
230131|2009 xo |||||||||||||||||slo| |
| 015 |
|
|
|a SNBRB
|
| 035 |
|
|
|a (urnnbn)urn:nbn:sk:snk:ar-a07t42
|
| 035 |
|
|
|a (uuid)73b811af-3c13-484f-a629-8cf8b1149ef9
|
| 035 |
|
|
|a urn:nbn:sk:snk-ab8vla
|
| 040 |
|
|
|a SNKBUCL
|b slo
|c SNKBUCL
|e AACR2
|
| 041 |
0 |
|
|a slo
|
| 044 |
|
|
|a xo
|c SK
|
| 100 |
1 |
|
|a Piršelová, Dagmar
|4 aut
|9 194806
|
| 245 |
1 |
0 |
|a NEZDANITEĽNÉ SUMY ZÁKLADU DANE ZA ROKY 2009 A 2010 - 3. ČASŤ: NEZDANITEĽNÁ SUMA DO 398,33 euro (12 000 SK)
|c Dagmar Piršelová
|
| 773 |
0 |
|
|t Príjmy a mzdy : odborný časopis pre mzdové a personálne útvary
|g Roč. 10, č. 15-16 (2009), s. 3-5
|
| 954 |
|
|
|a odborná, vedecká literatúra pôvodná (slovenská)
|2 lita
|
| 958 |
|
|
|a OND
|
| 958 |
|
|
|a EUIPO
|
| 958 |
|
|
|a article10
|
| 999 |
|
|
|c 1911372
|d 1913302
|